000 00689nam a22002297a 4500
003 UA-OsUOA
001 35725
007 ta
008 20051213b un ||||| |||| 00| 0 ukr d
090 _a235.3(477.82)
_bР63
942 _cBK
040 _aUA-OsUOA
_bukr
_cUA-OsUOA
_dUA-OsUOA
245 _aУкраїнські православні святі історичної Волині ІХ-ХХ ст.
_bІсторико-краєзнавчий нарис
300 _a224 с.
955 _a2
041 _aukr
080 _a235.3(477.82)
020 _a966-7627-26-8
260 _aЛуцьк
_bМедіа
_c2003
650 7 _a2 Релігія. Теологія.
_2UDC
999 _c322076
_d322076